Statistics for PGA Tour Golf Winners in 2021-22

Click here to take the quiz!

General Stats

  • This quiz has been taken 61 times
  • The average score is 26 of 49

Answer Stats

TournamentNationWinner% Correct
PGA ChampionshipUSAJustin Thomas
94%
RBC Canadian OpenNorthern IrelandRory McIlroy
94%
TOUR ChampionshipNorthern IrelandRory McIlroy
94%
The CJ Cup @ SummitNorthern IrelandRory McIlroy
94%
Sentry Tournament of ChampionsAustraliaCameron Smith
90%
The PLAYERS ChampionshipAustraliaCameron Smith
90%
The Open ChampionshipAustraliaCameron Smith
90%
RBC HeritageUSAJordan Spieth
90%
Arnold Palmer Invitational presented by MastercardUSAScottie Scheffler
90%
WM Phoenix OpenUSAScottie Scheffler
90%
The MastersUSAScottie Scheffler
90%
WGC-Dell Technologies Match PlayUSAScottie Scheffler
90%
Mexico Open at VidantaSpainJon Rahm
83%
ZOZO ChampionshipJapanHideki Matsuyama
75%
Sony Open in HawaiiJapanHideki Matsuyama
75%
World Wide Technology Championship at MayakobaNorwayViktor Hovland
75%
Hero World ChallengeNorwayViktor Hovland
75%
US OpenEnglandMatt Fitzpatrick
71%
Wyndham ChampionshipSouth KoreaTom Kim
71%
Wells Fargo ChampionshipUSAMax Homa
69%
Fortinet ChampionshipUSAMax Homa
69%
Zurich Classic of New OrleansUSAPatrick Cantlay/Xander Schauffele
67%
Shriners Children's OpenSouth KoreaSungjae Im
60%
Rocket Mortgage ClassicUSATony Finau
58%
3M OpenUSATony Finau
58%
BMW ChampionshipUSAPatrick Cantlay
54%
Genesis Scottish OpenUSAXander Schauffele
52%
Travelers ChampionshipUSAXander Schauffele
52%
AT&T Byron NelsonSouth KoreaK.H Lee
40%
Valspar ChampionshipUSASam Burns
40%
Charles Schwab ChallengeUSASam Burns
40%
Sanderson Farms ChampionshipUSASam Burns
40%
FedEx St. Jude ChampionshipUSAWill Zalatoris
40%
The Honda ClassicAustriaSepp Straka
35%
The Genesis InvitationalChileJoaquin Niemann
33%
The Memorial Tournament presented by WorkdayUSABilly Horschel
29%
AT&T Pebble Beach Pro-AmUSATom Hoge
27%
Hewlett Packard Enterprise Houston OpenUSAJason Kokrak
19%
QBE ShootoutUSAHarris English/Matt Kuchar
17%
Valero Texas OpenUSAJ.J Spaun
17%
John Deere ClassicUSAJ.T Poston
15%
Butterfield Bermuda ChampionshipAustraliaLucas Herbert
15%
Farmers Insurance OpenUSALuke List
15%
Corales Puntacana ChampionshipUSAChad Ramey
10%
The American ExpressUSAHudson Swafford
10%
Barracuda ChampionshipUSAChez Reavie
6%
The RSM ClassicUSATalor Gooch
6%
Barbasol ChampionshipUSATrey Mullinax
4%
Puerto Rico OpenUSARyan Brehm
2%

Score Distribution

Percentile by Number Answered

Percent of People with Each Score

Your Score History

You have not taken this quiz